Vplyv kultúry na ľudské správanie a kultúrnych rozdielov na vznik nedorozumení v interkultúrnych obchodných rokovaniach s akcentom na ich predchádzanie a riešenie

Vplyvy kultúrnych faktorov na proces medzinárodného obchodného rokovania. Kultúrne štandardy a kultúrne dimenzie ako aj problematika interkultúrnej komunikácie a kompetencie v súvislosti so vznikom interkultúrnych problémov. Stratégie na predchádzanie a riešenie interkultúrnych problémov.

Gespeichert in:
Bibliographische Detailangaben
1. Verfasser: Helmová, Milena, 1954-
Format: Buchkapitel
Sprache:Slowakisch
Schlagworte:
Tags: Tag hinzufügen
Keine Tags, Fügen Sie das erste Tag hinzu!

MARC

LEADER 00000nla a2200000 4500
001 0178656
005 20240502073033.4
041 0 |a slo 
044 |a SK 
245 1 0 |a Vplyv kultúry na ľudské správanie a kultúrnych rozdielov na vznik nedorozumení v interkultúrnych obchodných rokovaniach s akcentom na ich predchádzanie a riešenie  |c Milena Helmová 
520 |a Vplyvy kultúrnych faktorov na proces medzinárodného obchodného rokovania. Kultúrne štandardy a kultúrne dimenzie ako aj problematika interkultúrnej komunikácie a kompetencie v súvislosti so vznikom interkultúrnych problémov. Stratégie na predchádzanie a riešenie interkultúrnych problémov. 
610 2 0 |a komunikácia interkultúrna 
610 2 0 |a rokovania obchodné 
610 2 0 |a správanie 
610 2 0 |a kultúra 
610 2 0 |a kompetencie 
100 1 |a Helmová, Milena, 1954-